[Event "28th Pula Open 2014"]
[Site "Pula CRO"]
[Date "2014.06.10"]
[Round "5.20"]
[White "Veszpremi, Andras"]
[Black "Vrhovnik, Damir"]
[Result "1/2-1/2"]
[WhiteElo "2236"]
[BlackElo "2095"]
[WhiteFideId "730270"]
[BlackFideId "14526956"]
[EventDate "2014.06.07"]
[EventType "swiss"]

1. e4 c5 2. Nf3 d6 3. d4 cxd4 4. Nxd4 Nf6 5. Nc3 g6 6. Be3 Bg7 7. f3 Nc6 8. Qd2
h5 9. O-O-O Bd7 10. Kb1 Rc8 11. Nb3 a6 12. Qf2 Kf8 13. Bb6 Qe8 14. h3 Be6 15.
Nd4 Nxd4 16. Bxd4 b5 17. Bd3 Qc6 18. g4 b4 19. Ne2 Bc4 20. g5 Nd7 21. Bxg7+ Kxg7
22. Qd4+ Kh7 23. Bxc4 Qxc4 24. Qxc4 Rxc4 25. Nf4 Kg7 26. Nd5 Re8 27. b3 Rc5 28.
Nxb4 Rxg5 29. Nxa6 Rg3 30. Nc7 Rc8 31. Nd5 e6 32. Nb4 Rxf3 33. Rxd6 Ne5 34. Nd3
Kf6 35. Nxe5 Kxe5 36. Rd7 Rf2 37. Rc1 f5 38. exf5 exf5 39. c4 g5 40. c5 g4 41.
hxg4 hxg4 42. b4 g3 43. Rdd1 Ra8 44. c6 Raxa2 45. Rc5+ Ke4 46. c7 Rab2+ 47. Kc1
Ra2 48. Re1+ Kd4 49. Kb1 Rab2+ 50. Kc1 Ra2 51. Rc4+ Kxc4 52. c8=Q+ Kxb4 53. Qb7+
Kc4 54. Qc7+ Kb4 55. Qd6+ Kc4 56. Qc6+ Kb4 57. Qb6+ 1/2-1/2

[Event "28th Pula Open 2014"]
[Site "Pula CRO"]
[Date "2014.06.10"]
[Round "5.21"]
[White "Nordenbaek, Jan"]
[Black "Trtanj, Zoran"]
[Result "0-1"]
[WhiteElo "2226"]
[BlackElo "1990"]
[WhiteFideId "1401475"]
[BlackFideId "14506556"]
[EventDate "2014.06.07"]
[EventType "swiss"]

1. e4 c6 2. d4 d5 3. e5 Bf5 4. Nf3 e6 5. Be2 c5 6. Be3 Qb6 7. Nc3 Nd7 8. dxc5
Bxc5 9. Bxc5 Qxc5 10. Nd4 Ne7 11. Bb5 a6 12. Bxd7+ Kxd7 13. O-O Rad8 14. a4 Kc8
15. Kh1 Bg6 16. Qd2 Nc6 17. Nxc6 Qxc6 18. Ne2 Kb8 19. Nd4 Qc7 20. Rfe1 h5 21.
Ra3 Rc8 22. Ree3 Qd7 23. a5 Rc4 24. b3 Rc5 25. h3 Rhc8 26. c3 Qc7 27. b4 Rc4 28.
b5 Ka8 29. Qb2 Rc5 30. f3 Rc4 31. Kg1 Qd7 32. Kf2 Rxd4 33. cxd4 Rc2+ 34. Qxc2
Bxc2 35. Rac3 Qxb5 36. Rxc2 Qb4 37. Rd3 Qxa5 38. Rdc3 Qb4 39. Ke3 a5 40. Rd3 Ka7
41. Ke2 a4 42. Ke3 Ka6 43. Rdd2 Qb3+ 44. Kf4 a3 45. Kg5 b5 46. Kxh5 b4 47. Rc8
Kb7 48. Rdc2 Qxc2 49. Rxc2 b3 50. Rc3 b2 0-1

[Event "28th Pula Open 2014"]
[Site "Pula CRO"]
[Date "2014.06.10"]
[Round "5.22"]
[White "Kuntner, Reinhard2"]
[Black "Plenca, Jadranko"]
[Result "1-0"]
[WhiteElo "2075"]
[BlackElo "2208"]
[WhiteFideId "1630555"]
[BlackFideId "14527146"]
[EventDate "2014.06.07"]
[EventType "swiss"]

1. c4 c6 2. Nc3 d5 3. e3 Nf6 4. b3 e5 5. cxd5 cxd5 6. Bb5+ Bd7 7. Qe2 Nc6 8. Nf3
Bd6 9. d4 e4 10. Nd2 O-O 11. h3 Rc8 12. Bb2 Nb4 13. O-O Bxb5 14. Nxb5 Be7 15.
Rac1 Nd3 16. Rxc8 Qxc8 17. Ba3 Re8 18. Nb1 Bxa3 19. N1xa3 Qb8 20. Qd2 a6 21. Nc3
b5 22. Nab1 Rc8 23. f3 b4 24. Nxd5 Nxd5 25. fxe4 Nc5 26. exd5 Ne4 27. Qd3 Ng3
28. Re1 f5 29. Qxa6 Rc2 30. d6 Ne4 31. Qd3 Rxg2+ 32. Kxg2 Qxd6 33. Qc4+ Kf8 34.
Qc8+ Ke7 35. Qxf5 1-0

[Event "28th Pula Open 2014"]
[Site "Pula CRO"]
[Date "2014.06.10"]
[Round "5.23"]
[White "Brinovec, Dusan"]
[Black "Mrdjen, David"]
[Result "1-0"]
[WhiteElo "2201"]
[BlackElo "1982"]
[WhiteFideId "14603489"]
[BlackFideId "14503956"]
[EventDate "2014.06.07"]
[EventType "swiss"]

1. d4 d5 2. Nf3 c6 3. e3 Bg4 4. h3 Bh5 5. g4 Bg6 6. Bg2 Nd7 7. Nbd2 e6 8. b3
Ngf6 9. Bb2 Bb4 10. a3 Ba5 11. b4 Bc7 12. Nh4 Qe7 13. Nxg6 hxg6 14. c4 e5 15. g5
Nh5 16. cxd5 Qxg5 17. Qg4 Qf6 18. dxc6 bxc6 19. Rc1 Qd8 20. Bxc6 Nf6 21. Qg2 Rc8
22. dxe5 Ng8 23. e6 1-0

[Event "28th Pula Open 2014"]
[Site "Pula CRO"]
[Date "2014.06.10"]
[Round "5.25"]
[White "Rattinger, Thomas"]
[Black "Uwira, Oliver"]
[Result "1-0"]
[BlackTitle "FM"]
[WhiteElo "2003"]
[BlackElo "2257"]
[WhiteFideId "1602438"]
[BlackFideId "4646630"]
[EventDate "2014.06.07"]
[EventType "swiss"]

1. e4 c5 2. Nc3 Nc6 3. g3 g6 4. Bg2 Bg7 5. d3 e6 6. f4 d6 7. Be3 Nge7 8. Nf3 O-O
9. O-O Rb8 10. d4 cxd4 11. Nxd4 Qb6 12. Na4 Bxd4 13. Nxb6 Bxe3+ 14. Kh1 Bxb6 15.
g4 d5 16. f5 dxe4 17. f6 Nd5 18. Qe1 h6 19. Bxe4 Kh7 20. Qg3 Bc7 21. Qa3 Bd7 22.
c4 Nf4 23. Rad1 Rfd8 24. b4 e5 25. b5 Bxg4 26. Rxd8 Nxd8 27. Rxf4 exf4 28. Qf8
Ne6 29. Qxf7+ Kh8 30. Bxg6 1-0

[Event "28th Pula Open 2014"]
[Site "Pula CRO"]
[Date "2014.06.10"]
[Round "5.26"]
[White "Kastelic, Marian"]
[Black "Mueller, Peter2"]
[Result "1-0"]
[WhiteTitle "FM"]
[WhiteElo "2311"]
[BlackElo "2054"]
[WhiteFideId "14602245"]
[BlackFideId "4626010"]
[EventDate "2014.06.07"]
[EventType "swiss"]

1. d4 Nf6 2. c4 e6 3. Nc3 Bb4 4. Qc2 c5 5. Nf3 Nc6 6. dxc5 Qa5 7. Bd2 Qxc5 8. e3
d5 9. cxd5 Nxd5 10. a3 Bxc3 11. bxc3 O-O 12. e4 Nf6 13. Be2 e5 14. O-O Bg4 15.
Be3 Qe7 16. h3 Bh5 17. g4 Bg6 18. Nd2 Nd5 19. Rfd1 Nxe3 20. fxe3 Qh4 21. Kg2
Rfd8 22. Nf1 Qg5 23. Qa4 h5 24. Rd5 hxg4 25. hxg4 Rxd5 26. exd5 Ne7 27. Rd1 Nf5
28. e4 Nd6 29. Bf3 Bxe4 30. Ng3 Qxg4 31. Qxe4 Nxe4 32. Bxg4 Nxc3 33. Rd3 Nb5 34.
d6 Nd4 35. Rc3 g6 36. Bc8 Kf8 37. Ne4 Nc6 38. Bxb7 1-0

[Event "28th Pula Open 2014"]
[Site "Pula CRO"]
[Date "2014.06.11"]
[Round "6.1"]
[White "Zufic, Miroslav"]
[Black "Fodor, Tamas Jr."]
[Result "0-1"]
[WhiteTitle "IM"]
[BlackTitle "GM"]
[WhiteElo "2470"]
[BlackElo "2462"]
[WhiteFideId "14506157"]
[BlackFideId "723762"]
[EventDate "2014.06.07"]
[EventType "swiss"]

1. e4 e5 2. Nf3 Nc6 3. Bb5 Nf6 4. O-O Nxe4 5. d4 Nd6 6. dxe5 Nxb5 7. a4 Nbd4 8.
Nxd4 Nxd4 9. Qxd4 d5 10. exd6 Qxd6 11. Qe3+ Be7 12. Re1 Be6 13. Nc3 O-O 14. Ne4
Qc6 15. Bd2 Rfe8 16. Bc3 Bf5 17. Qf4 Bg6 18. Re3 Bf8 19. Rae1 Re6 20. Ng5 Rxe3
21. Rxe3 Re8 22. Rxe8 Qxe8 23. Qxc7 Qxa4 24. Nf3 b5 25. b3 Qa3 26. Bd2 Qa1+ 27.
Ne1 h6 28. Bc3 Qa3 29. Kf1 Kh7 30. h3 Qc1 31. Qd8 Bxc2 32. Qxf8 Bd3+ 33. Kg1
Qxc3 34. Nxd3 Qxd3 35. Qxf7 a5 36. f4 a4 37. bxa4 bxa4 38. f5 Qe3+ 39. Kh1 a3
40. Qg6+ Kh8 41. Qa6 Qb3 42. f6 a2 43. Qc8+ Kh7 44. Qf5+ Kg8 45. Qc8+ Kf7 46.
Qd7+ Kxf6 47. Qd4+ Kf7 48. Qd7+ Kg8 49. Qe8+ Kh7 50. Qe4+ Kh8 51. Qe8+ Qg8 52.
Qa4 Qe6 53. Qd1 Qf6 0-1

[Event "28th Pula Open 2014"]
[Site "Pula CRO"]
[Date "2014.06.11"]
[Round "6.2"]
[White "Fercec, Nenad"]
[Black "Bosiocic, Marin"]
[Result "1/2-1/2"]
[WhiteTitle "GM"]
[BlackTitle "GM"]
[WhiteElo "2495"]
[BlackElo "2543"]
[WhiteFideId "14500299"]
[BlackFideId "14507927"]
[EventDate "2014.06.07"]
[EventType "swiss"]

1. e4 e5 2. Nf3 Nc6 3. Bc4 Bc5 4. c3 Nf6 5. d4 exd4 6. cxd4 Bb4+ 7. Nbd2 d5 8.
exd5 Nxd5 9. O-O O-O 10. a3 Bxd2 11. Bxd2 Bg4 12. h3 1/2-1/2

[Event "28th Pula Open 2014"]
[Site "Pula CRO"]
[Date "2014.06.11"]
[Round "6.3"]
[White "Jovanovic, Zoran"]
[Black "Doric, Nenad"]
[Result "1/2-1/2"]
[WhiteTitle "GM"]
[BlackTitle "IM"]
[WhiteElo "2556"]
[BlackElo "2303"]
[WhiteFideId "14505320"]
[BlackFideId "14501694"]
[EventDate "2014.06.07"]
[EventType "swiss"]

1. e4 e5 2. Nf3 Nf6 3. Nxe5 Nxe4 4. Qe2 Qe7 5. Qxe4 d6 6. d4 dxe5 7. dxe5 Nc6 8.
Nc3 Qxe5 9. Qxe5+ Nxe5 10. Nb5 Bb4+ 11. c3 Ba5 12. Bf4 f6 13. Bxe5 fxe5 14. Na3
c6 15. O-O-O O-O 16. f3 Rd8 17. Bc4+ Kf8 18. Rde1 Bc7 19. Bb3 Bf5 20. Bc2 Bxc2
21. Kxc2 Rd5 22. Re2 Re8 23. Nc4 b5 24. Nd2 a6 25. h4 h5 26. a4 Bd8 27. axb5
axb5 28. Ne4 Kf7 29. Ree1 Bf6 30. Ra1 Kg6 31. Ra7 Re7 32. Ra8 Rdd7 33. Ra6 Rc7
34. Rd1 Bxh4 35. Rd6+ Bf6 36. Rdxc6 Rxc6 37. Rxc6 Rb7 38. Kd3 h4 39. Ke3 Rb8 40.
Kf2 Kf5 41. Kg1 Be7 42. Kh2 b4 43. Rc7 bxc3 44. bxc3 Ke6 45. c4 Rb1 46. c5 Rc1
47. Rc8 Kd7 48. Rg8 Bf6 49. Ra8 Be7 50. Ra6 Bxc5 51. Rg6 Be3 52. Rxg7+ Ke6 53.
Kh3 Rh1+ 54. Kg4 Rh2 55. Rg6+ Kd5 56. Kf5 Bf4 57. Rg8 Kd4 1/2-1/2

[Event "28th Pula Open 2014"]
[Site "Pula CRO"]
[Date "2014.06.11"]
[Round "6.4"]
[White "Jovanic, Ognjen"]
[Black "Beletic, Daniel"]
[Result "1/2-1/2"]
[WhiteTitle "GM"]
[WhiteElo "2489"]
[BlackElo "2270"]
[WhiteFideId "14504081"]
[BlackFideId "14602709"]
[EventDate "2014.06.07"]
[EventType "swiss"]

1. Nf3 Nf6 2. d4 c5 3. c3 b6 4. Bg5 e6 5. e4 h6 6. Bxf6 Qxf6 7. Bd3 cxd4 8. cxd4
Bb4+ 9. Nc3 Ba6 10. Bxa6 Bxc3+ 11. bxc3 Nxa6 12. O-O O-O 13. Qa4 Nb8 14. c4 Nc6
15. Rfd1 Rfc8 16. Rac1 Qf4 17. Re1 d6 18. Qa3 Na5 19. c5 dxc5 20. dxc5 Nb7 21.
g3 Qf6 22. cxb6 axb6 23. Rxc8+ Rxc8 1/2-1/2

[Event "28th Pula Open 2014"]
[Site "Pula CRO"]
[Date "2014.06.11"]
[Round "6.5"]
[White "Tratar, Marko"]
[Black "Mihalinec, Damir"]
[Result "1-0"]
[WhiteTitle "GM"]
[WhiteElo "2484"]
[BlackElo "2247"]
[WhiteFideId "14600684"]
[BlackFideId "14504260"]
[EventDate "2014.06.07"]
[EventType "swiss"]

1. Nf3 Nf6 2. c4 g6 3. Nc3 d5 4. cxd5 Nxd5 5. Qa4+ Nc6 6. Ne5 Nxc3 7. bxc3 Bd7
8. Nxd7 Qxd7 9. Rb1 Nd8 10. Qxd7+ Kxd7 11. d4 c5 12. e3 Rc8 13. Bb5+ Kc7 14. e4
Bg7 15. Bf4+ e5 16. Bxe5+ Bxe5 17. dxe5 g5 18. Rd1 a6 19. Rd7+ Kb6 20. Bc4 Rc7
21. Rxc7 Kxc7 22. h4 Re8 23. hxg5 Rxe5 24. Bxf7 Rxe4+ 25. Kf1 Rg4 26. Rxh7 Rxg5
27. f4 Rg3 28. Bd5+ Kd6 29. Bf3 Ke6 30. Kf2 Rg8 31. g4 Rf8 32. Kg3 Kd6 33. Bxb7
Nxb7 34. Rxb7 Kd5 35. Re7 Kc4 36. Re3 a5 37. f5 a4 38. Kf4 a3 39. g5 Rh8 40. g6
Rh4+ 41. Ke5 1-0

[Event "28th Pula Open 2014"]
[Site "Pula CRO"]
[Date "2014.06.11"]
[Round "6.6"]
[White "Zierke, Oliver"]
[Black "Drazic, Sinisa"]
[Result "0-1"]
[WhiteTitle "FM"]
[BlackTitle "GM"]
[WhiteElo "2253"]
[BlackElo "2433"]
[WhiteFideId "4607244"]
[BlackFideId "901172"]
[EventDate "2014.06.07"]
[EventType "swiss"]

1. d4 d6 2. c4 e5 3. Nf3 e4 4. Ng5 f5 5. Nc3 Nf6 6. e3 h6 7. Nh3 g5 8. Be2 Bg7
9. Bh5+ Kf8 10. Be2 Kf7 11. O-O Nc6 12. f3 exf3 13. Bxf3 Rf8 14. Nf2 Kg8 15. g3
Ne7 16. Bg2 c6 17. Qc2 Be6 18. b3 Qd7 19. Bb2 Rae8 20. Rae1 b6 21. Nd3 Kh8 22.
Qd1 Qc8 23. e4 fxe4 24. Nxe4 Nxe4 25. Rxf8+ Rxf8 26. Rxe4 Ng6 27. d5 cxd5 28.
Qh5 Kh7 29. Bxg7 Kxg7 30. Rd4 dxc4 31. bxc4 Bxc4 32. Qd1 Bxd3 33. Rxd3 Qc5+ 34.
Kh1 Rf6 35. h3 Ne5 36. Rd5 Qa3 37. Kh2 Qxa2 38. Kh1 Qa3 0-1

[Event "28th Pula Open 2014"]
[Site "Pula CRO"]
[Date "2014.06.11"]
[Round "6.7"]
[White "Muskardin, Mario"]
[Black "Rukavina, Josip"]
[Result "1/2-1/2"]
[BlackTitle "IM"]
[WhiteElo "2248"]
[BlackElo "2410"]
[WhiteFideId "14518180"]
[BlackFideId "14500191"]
[EventDate "2014.06.07"]
[EventType "swiss"]

1. e4 g6 2. d4 Bg7 3. Nf3 d6 4. Bc4 Nf6 5. Qe2 Nc6 6. e5 dxe5 7. dxe5 Nd5 8. h3
Nb6 9. Bb3 Nd4 10. Nxd4 Qxd4 11. f4 Nd5 12. c3 Qc5 13. Qc4 Qxc4 14. Bxc4 Be6 15.
O-O O-O-O 16. Na3 f6 17. Nb5 Kb8 18. Nd4 Bc8 19. Re1 Bh6 20. f5 Bxc1 21. Raxc1
gxf5 22. e6 f4 23. Nf5 Ne3 24. Nxe3 fxe3 25. Rxe3 Rhg8 26. Rc2 c5 27. b4 Rg5 28.
Re4 Kc7 29. h4 Rg3 30. bxc5 Kc6 31. Rd4 Rdg8 32. Bd5+ Kxc5 33. Bb3 b5 34. Rd5+
Kb6 35. a4 a6 36. Rh5 R8g7 37. axb5 axb5 38. Rb2 Rxc3 39. Ba4 Rc5 40. Rxc5 Kxc5
41. Rxb5+ Kd4 42. Bb3 Ba6 43. Rb8 Bd3 44. Rf8 Be4 45. Kh2 Rxg2+ 46. Kh3 Rb2 47.
Bd1 Bf5+ 48. Kg3 Bxe6 49. Re8 Rb7 50. Bc2 h5 51. Bd1 Bf7 52. Rh8 e5 53. Bxh5
Bxh5 54. Rxh5 Ke4 55. Rh8 f5 56. h5 f4+ 57. Kg4 Rg7+ 58. Kh4 f3 59. Rf8 Ke3 60.
h6 Rg1 61. h7 f2 62. h8=Q Rh1+ 63. Kg3 Rxh8 64. Rf3+ Kd4 65. Kxf2 Rh2+ 66. Ke1
e4 67. Ra3 Ke5 68. Ra8 Kf4 69. Kf1 Kf3 70. Rf8+ Ke3 71. Ra8 Rh1+ 72. Kg2 Rd1 73.
Ra3+ Ke2 74. Rb3 Rd3 75. Rb2+ Rd2 76. Rb4 e3 77. Rb3 Rc2 78. Rb7 Kd1+ 79. Kf3 e2
80. Rb1+ Kd2 81. Kf2 Ra2 82. Re1 Kd3 83. Rb1 Ra8 84. Rb3+ Kc2 85. Re3 Kd1 86.
Rd3+ Kc2 87. Kxe2 1/2-1/2

[Event "28th Pula Open 2014"]
[Site "Pula CRO"]
[Date "2014.06.11"]
[Round "6.8"]
[White "Lizak, Peter"]
[Black "Brinovec, Dusan"]
[Result "1/2-1/2"]
[WhiteTitle "IM"]
[WhiteElo "2401"]
[BlackElo "2201"]
[WhiteFideId "731595"]
[BlackFideId "14603489"]
[EventDate "2014.06.07"]
[EventType "swiss"]

1. c4 Nf6 2. Nc3 e6 3. e4 d5 4. e5 Nfd7 5. cxd5 Nxe5 6. d4 Ng6 7. dxe6 Bxe6 8.
d5 Bc8 9. Bb5+ Bd7 10. Qb3 Bd6 11. Nf3 O-O 12. O-O Nh4 13. Be2 Na6 14. Ne4 Nxf3+
15. Bxf3 Nc5 16. Nxc5 Bxc5 17. Bf4 Bb6 18. Rac1 Rc8 19. Qc3 Re8 20. Rfe1 Rxe1+
21. Rxe1 Qf8 22. b4 c6 23. d6 Re8 24. a4 a6 25. h4 Re6 26. Rxe6 Bxe6 27. Be5 Bd8
28. g3 f6 29. Bf4 Qf7 30. Qe3 Qd7 31. h5 g5 32. hxg6 hxg6 33. Qd4 Kf7 34. Be3
Kg8 35. Bd2 Bb3 36. Qd3 Qf7 37. a5 Kg7 38. Qe3 g5 39. Bc3 Kf8 40. Bg4 f5 41. Bf3
g4 42. Bg2 Qe6 43. Qd4 Ke8 44. Qa7 Qd7 45. Qe3+ Qe6 46. Qa7 Qd7 47. Be5 Bd5 48.
Qb8 Bxg2 49. Kxg2 Kf7 50. Qa8 Ke6 51. Bf4 c5 52. bxc5 Kd5 53. Be3 Kc6 54. Kg1
Kb5 55. Qb8 Kc6 56. Qa8 Kb5 57. Qb8 Kc6 1/2-1/2

[Event "28th Pula Open 2014"]
[Site "Pula CRO"]
[Date "2014.06.11"]
[Round "6.9"]
[White "Mestek, Igor"]
[Black "Maier, Christian"]
[Result "1/2-1/2"]
[BlackTitle "IM"]
[WhiteElo "2130"]
[BlackElo "2369"]
[WhiteFideId "14602270"]
[BlackFideId "4601955"]
[EventDate "2014.06.07"]
[EventType "swiss"]

1. e4 d6 2. d4 Nf6 3. Nc3 Nbd7 4. Nf3 e5 5. Bc4 Be7 6. O-O O-O 7. a4 c6 8. h3
Nxe4 9. Nxe4 d5 10. Nxe5 Nxe5 11. dxe5 dxc4 12. Nd6 1/2-1/2

[Event "28th Pula Open 2014"]
[Site "Pula CRO"]
[Date "2014.06.11"]
[Round "6.10"]
[White "Schnider, Gert"]
[Black "Bostl, Frantisek"]
[Result "1-0"]
[WhiteTitle "FM"]
[WhiteElo "2354"]
[BlackElo "2198"]
[WhiteFideId "1606310"]
[BlackFideId "314579"]
[EventDate "2014.06.07"]
[EventType "swiss"]

1. d4 Nf6 2. c4 g6 3. Nc3 d5 4. Qb3 c6 5. cxd5 Nxd5 6. Nf3 Bg7 7. Bg5 Qa5 8. Bd2
Nxc3 9. bxc3 O-O 10. e3 Qc7 11. Rc1 Nd7 12. Bd3 Nf6 13. O-O Bf5 14. Be2 Rad8 15.
Rfd1 Bh6 16. Ne5 Ne4 17. Be1 Rd6 18. Qa3 b6 19. Nc4 Rf6 20. Nd2 Rd8 21. Nf1 Nd6
22. f3 b5 23. Bg3 Be6 24. Be5 Rf5 25. g4 Rxe5 26. dxe5 Nc4 27. Bxc4 Bxc4 28. Qc5
Rxd1 29. Rxd1 Be2 30. Rd2 Bxf3 31. h3 Bg7 32. Kf2 Be4 33. c4 a6 34. cxb5 axb5
35. Ng3 f5 36. exf6 Bxf6 37. Nxe4 Qh2+ 38. Kf3 Qh1+ 39. Rg2 Qd1+ 40. Kg3 Qe1+
41. Kh2 Bh4 42. g5 Kf7 43. Qe5 1-0

[Event "28th Pula Open 2014"]
[Site "Pula CRO"]
[Date "2014.06.11"]
[Round "6.11"]
[White "Rattinger, Thomas"]
[Black "Dauth, Benjamin"]
[Result "0-1"]
[BlackTitle "FM"]
[WhiteElo "2003"]
[BlackElo "2345"]
[WhiteFideId "1602438"]
[BlackFideId "4688104"]
[EventDate "2014.06.07"]
[EventType "swiss"]

1. e4 e5 2. Nf3 Nc6 3. d4 exd4 4. Nxd4 Qh4 5. Nb5 Bb4+ 6. Bd2 Kd8 7. Qe2 Nf6 8.
Bxb4 Nxb4 9. N1c3 a6 10. Nd4 Re8 11. g3 Qg5 12. Bg2 d6 13. O-O Bg4 14. f3 Bd7
15. Qf2 Re7 16. Rad1 Ke8 17. a3 Nc6 18. f4 Qh6 19. Nf3 Kf8 20. Nd5 Nxd5 21. exd5
Na7 22. Rfe1 Nc8 23. c4 Rxe1+ 24. Rxe1 Nb6 25. Qd4 Re8 26. b4 Rxe1+ 27. Nxe1 Qh5
28. Bf3 Bg4 29. Kg2 Qh3+ 30. Kg1 Bxf3 31. Nxf3 Qf5 32. Ng5 Qb1+ 33. Kg2 Qc2+ 34.
Kh3 Qxc4 35. Qe3 h6 36. f5 Nxd5 0-1

[Event "28th Pula Open 2014"]
[Site "Pula CRO"]
[Date "2014.06.11"]
[Round "6.12"]
[White "Mihalincic, Tomislav"]
[Black "Vasic, Bosko"]
[Result "1/2-1/2"]
[WhiteTitle "FM"]
[WhiteElo "2317"]
[BlackElo "2126"]
[WhiteFideId "14503867"]
[BlackFideId "14503972"]
[EventDate "2014.06.07"]
[EventType "swiss"]

1. e4 e6 2. d4 d5 3. Nd2 c5 4. exd5 Qxd5 5. Ngf3 cxd4 6. Bc4 Qd6 7. O-O Nf6 8.
Nb3 Nc6 9. Nbxd4 Nxd4 10. Nxd4 a6 11. Bb3 Qc7 12. Re1 Bd6 13. Nf3 O-O 14. Qe2 b5
15. Bd2 Bb7 16. h3 Rfd8 17. Rad1 Be4 18. Bc3 Bg6 19. Be5 Bh5 20. g4 Bg6 21. Bxd6
Rxd6 22. Rxd6 Qxd6 23. Rd1 Qc7 24. Ne5 Rd8 25. Rxd8+ Qxd8 26. c4 bxc4 27. Bxc4
a5 28. Nxg6 hxg6 29. a3 Qd4 30. a4 Ne4 31. b3 e5 32. Kg2 Kf8 33. f3 Nc5 34. Qc2
e4 35. Be2 Ke7 36. fxe4 Nxe4 37. Qc7+ Kf6 38. Qf4+ Ke7 39. Qc7+ Kf6 1/2-1/2

[Event "28th Pula Open 2014"]
[Site "Pula CRO"]
[Date "2014.06.11"]
[Round "6.13"]
[White "Franciskovic, Borka"]
[Black "Kuntner, Reinhard2"]
[Result "1-0"]
[WhiteTitle "WIM"]
[WhiteElo "2310"]
[BlackElo "2075"]
[WhiteFideId "14507943"]
[BlackFideId "1630555"]
[EventDate "2014.06.07"]
[EventType "swiss"]

1. c4 g6 2. Nf3 Bg7 3. d4 Nf6 4. g3 O-O 5. Bg2 c6 6. O-O d6 7. Nc3 Nbd7 8. h3 e5
9. e4 a6 10. Be3 Nh5 11. Qc2 h6 12. Rad1 Qe7 13. Rfe1 b5 14. cxb5 axb5 15. a3
Rb8 16. dxe5 dxe5 17. Qd2 b4 18. axb4 Qxb4 19. Bxh6 Qxb2 20. Be3 Re8 21. Qxb2
Rxb2 22. Rc1 f5 23. exf5 gxf5 24. Nh4 f4 25. Bxf4 Nxf4 26. gxf4 Bh6 27. Ne4 c5
28. Nd6 Rd8 29. Nxc8 Rxc8 30. Nf5 Kh7 31. Nxh6 Kxh6 32. Rcd1 Nb6 33. fxe5 Rf8
34. Bc6 Rfxf2 35. e6 Rfe2 36. e7 1-0

[Event "28th Pula Open 2014"]
[Site "Pula CRO"]
[Date "2014.06.11"]
[Round "6.14"]
[White "Trtanj, Zoran"]
[Black "Bontempi, Piero"]
[Result "0-1"]
[BlackTitle "FM"]
[WhiteElo "1990"]
[BlackElo "2361"]
[WhiteFideId "14506556"]
[BlackFideId "809250"]
[EventDate "2014.06.07"]
[EventType "swiss"]

1. Nf3 d5 2. g3 Nf6 3. Bg2 Bf5 4. O-O e6 5. d3 h6 6. Nbd2 c5 7. Qe1 Nc6 8. e4
Bh7 9. Qe2 Be7 10. h3 O-O 11. Re1 Nb4 12. Qd1 dxe4 13. dxe4 Nxe4 14. c3 Nxd2 15.
cxb4 Ne4 16. Nd2 Nxd2 17. Qxd2 Qc7 18. Qc3 Rac8 19. Bf4 Qb6 20. Rac1 Rfd8 21.
Be4 Bxe4 22. Rxe4 Rc6 23. Bxh6 gxh6 24. Rg4+ Bg5 25. b5 Rcd6 26. h4 f5 27. hxg5
fxg4 0-1

[Event "28th Pula Open 2014"]
[Site "Pula CRO"]
[Date "2014.06.11"]
[Round "6.15"]
[White "Kovacevic, Blazimir"]
[Black "Veszpremi, Andras"]
[Result "1-0"]
[WhiteTitle "IM"]
[WhiteElo "2474"]
[BlackElo "2236"]
[WhiteFideId "14502712"]
[BlackFideId "730270"]
[EventDate "2014.06.07"]
[EventType "swiss"]

1. d4 g6 2. e4 Bg7 3. c4 d6 4. Nc3 Nc6 5. Be3 e5 6. Nge2 Nf6 7. d5 Ne7 8. f3 O-O
9. Qd2 Nd7 10. O-O-O a6 11. Kb1 Rb8 12. Nc1 f5 13. h3 Qe8 14. Nd3 b6 15. b4 c5
16. bxc5 Nxc5 17. Ka1 Bd7 18. Rb1 f4 19. Bf2 Qc8 20. Be2 Qc7 21. Rb2 Na4 22.
Nxa4 Bxa4 23. Rhb1 b5 24. c5 Rfd8 25. Nb4 Ra8 26. Rc1 Bf8 27. cxd6 Qxd6 28. Bc5
Qf6 29. Rbb1 a5 30. Bxe7 Bxe7 31. Nc6 Ba3 32. Nxd8 Bxc1 33. Qxc1 Qxd8 34. Bxb5
Rc8 35. Qa3 Bc2 36. Rc1 Qb6 37. Qb2 Rc5 38. Ba4 Bd3 39. Rd1 Qc7 40. Qd2 Bc4 41.
d6 Qd8 42. d7 Bf7 43. Qd6 Rc3 44. Qxe5 1-0

[Event "28th Pula Open 2014"]
[Site "Pula CRO"]
[Date "2014.06.11"]
[Round "6.16"]
[White "Pregarac, Valter"]
[Black "Kastelic, Marian"]
[Result "0-1"]
[BlackTitle "FM"]
[WhiteElo "2160"]
[BlackElo "2311"]
[WhiteFideId "14602610"]
[BlackFideId "14602245"]
[EventDate "2014.06.07"]
[EventType "swiss"]

1. Nf3 Nf6 2. c4 e6 3. g3 d5 4. Bg2 dxc4 5. Qa4+ Bd7 6. Qxc4 Bc6 7. d4 Nbd7 8.
Nc3 Be7 9. O-O O-O 10. Qd3 a6 11. a4 Bb4 12. Na2 Be4 13. Qd1 Nd5 14. Bd2 a5 15.
Bxb4 axb4 16. Nd2 Bxg2 17. Kxg2 f5 18. Nc1 Qf6 19. Nf3 c5 20. dxc5 Nxc5 21. Ra2
Rfd8 22. Qd4 Qe7 23. Qe5 Rxa4 24. Rxa4 Nxa4 25. Nd3 Rc8 26. Ra1 Nab6 27. Nd4 Re8
28. Rc1 Nd7 29. Nxf5 Qf7 30. Qxg7+ Qxg7 31. Nxg7 Kxg7 32. e4 N5b6 33. Rc7 Kf6
34. Nxb4 Rc8 35. Rxb7 Rc4 36. Nd3 Rxe4 37. Rc7 Rd4 38. Nf4 e5 39. Rc6+ Ke7 40.
Ne6 Rd2 41. Ng5 Nd5 42. Re6+ Kd8 43. Nf7+ Kc7 44. Nxe5 Re2 45. Rc6+ Kb7 46. Rd6
N7f6 47. Nf7 Rxb2 48. Ng5 h5 49. h3 Kc7 50. Re6 Kd7 51. Re5 Rd2 52. Re1 Nb4 53.
g4 Nd3 54. Rf1 h4 55. Nf3 Nf4+ 56. Kh2 Ra2 57. Nxh4 Ne4 58. Ng2 Nd3 59. Ne3
Ndxf2 60. Kg2 Nxg4+ 61. Kf3 Ngf6 62. Rd1+ Ke6 63. Ng4 Ng5+ 64. Ke3 Nd5+ 65. Kd4
Ra4+ 66. Kc5 Ne4+ 67. Kc6 Rc4+ 68. Kb7 Nd6+ 69. Kb8 Rb4+ 70. Ka7 Nc7 71. Re1+
Kf5 72. Rf1+ Kg5 73. h4+ Kxg4 74. Rg1+ Kf3 0-1